LEADER 01307nam--2200385---450 001 990002776660203316 005 20200611080200.0 010 $a88-901-0340 035 $a000277666 035 $aUSA01000277666 035 $a(ALEPH)000277666USA01 035 $a000277666 100 $a20060711d2002----km-y0itay50------ba 101 0 $aita 102 $aIT 105 $aa|||z|||001yy 200 1 $a<> Stamperia reale di Napoli 1748-1860$fdi Maria Gabriella Mansi, Agnese Travaglione$gpresentazione di Mauro Giancaspro 210 $aNapoli$cBiblioteca nazionale$d2002 215 $a211 p., [2] carte di tav.$cill.$d22x24 cm 225 2 $a<> quaderni della Biblioteca di Napoli$hSer. 9$v3 300 $aIn cop.: Biblioteca nazionale di Napoli 410 0$12001$a<> quaderni della Biblioteca di Napoli$hSer. 9$v3 517 $a<> Stamperia reale di Napoli 607 $aNapoli$xStamperia Reale$z1748-1760 676 $a070.50945731 700 1$aMANSI,$bMaria Gabriella$0486238 701 1$aTRAVAGLIONE,$bAgnese$0509937 702 1$aGIANCASPRO,$bMauro 801 0$aIT$bsalbc$gISBD 912 $a990002776660203316 951 $aI.2.B. 212$b164676 L.M.$cI.2.$d00099446 959 $aBK 969 $aUMA 996 $aStamperia reale di Napoli 1748-1860$9997090 997 $aUNISA LEADER 02173nas 2200601-a 450 001 996417542403316 005 20240413024950.0 035 $a(CKB)110990112646156 035 $a(CONSER)---93642724- 035 $a(EXLCZ)99110990112646156 100 $a19930525b19932005 --- a 101 0 $aeng 181 $ctxt$2rdacontent 182 $cc$2rdamedia 183 $acr$2rdacarrier 200 00$aUnited States-Mexico law journal 210 $aAlbuquerque, N.M. $cUniversity of New Mexico School of Law$d1993- 215 $a1 online resource 300 $aTitle from cover. 300 $a"Published annually as the symposium issue of the New Mexico law review"--T.p. verso 311 08$aPrint version: United States-Mexico law journal. 1089-8948 (DLC) 93642724 (OCoLC)28159144 517 1 $aU.S.-Mexico law journal 606 $aTariff$xLaw and legislation$zUnited States$vPeriodicals 606 $aFree trade$zUnited States$vPeriodicals 606 $aTariff$xLaw and legislation$zMexico$vPeriodicals 606 $aFree trade$zMexico$vPeriodicals 606 $aFree trade$2fast$3(OCoLC)fst00933944 606 $aTariff$xLaw and legislation$2fast$3(OCoLC)fst01143167 606 $aUnited States of America$2pplt 606 $aMexico$2pplt 606 $aLaw$2pplt 607 $aMexico$2fast$1https://id.oclc.org/worldcat/entity/E39QbtfRkxCrqQ3XXbCkdP63kc 607 $aUnited States$2fast$1https://id.oclc.org/worldcat/entity/E39PBJtxgQXMWqmjMjjwXRHgrq 608 $aPeriodicals.$2fast 608 $aPeriodicals.$2lcgft 615 0$aTariff$xLaw and legislation 615 0$aFree trade 615 0$aTariff$xLaw and legislation 615 0$aFree trade 615 7$aFree trade. 615 7$aTariff$xLaw and legislation. 615 7$aUnited States of America. 615 7$aMexico. 615 7$aLaw. 676 $a343.7305/6 676 $a347.30356 712 02$aUniversity of New Mexico.$bSchool of Law. 712 02$aUnited States-Mexico Law Institute. 906 $aJOURNAL 912 $a996417542403316 920 $aexl_impl conversion 996 $aUnited States-Mexico law journal$92132368 997 $aUNISA